| 000 | 00448nam a2200181 a 4500 | ||
|---|---|---|---|
| 001 | 14 | ||
| 003 | CDMR | ||
| 005 | 20131121135740.0 | ||
| 008 | 130130s1975||||||||||||||||||||||||||||d | ||
| 040 |
_aCDMR _bcat _cCDMR |
||
| 100 | 1 |
_aPopescu, Diana _917 |
|
| 245 | 1 | 0 |
_aJinete _cDiana Popescu _b: revista de la hípica española 1959-1970 -- |
| 260 |
_aBarcelona _c1975 |
||
| 310 | _a310a | ||
| 362 | _a310a | ||
| 740 |
_a740a _n740n _p740p |
||
| 942 |
_cTSN _2udc |
||
| 999 |
_c14 _d14 |
||